Catálogo
 En Linea

Habla : (Registro nro. 60637)

Detalles MARC
000 -CABECERA
campo de control de longitud fija 01385nas a2200313 i 4500
001 - NÚMERO DE CONTROL
campo de control 49667
003 - IDENTIFICADOR DEL NÚMERO DE CONTROL
campo de control DR-UNIBE
005 - FECHA Y HORA DE LA ÚLTIMA TRANSACCIÓN
campo de control 20260429153845.0
007 - CAMPO FIJO DE DESCRIPCIÓN FÍSICA--INFORMACIÓN GENERAL
campo de control de longitud fija ta
008 - DATOS DE LONGITUD FIJA--INFORMACIÓN GENERAL
campo de control de longitud fija 260429e2008 dr mn|p|r||||||0| | spa d
040 ## - FUENTE DE LA CATALOGACIÓN
Centro catalogador/agencia de origen BIBLIOTECA UNIBE
Centro/agencia transcriptor BIBLIOTECA UNIBE
Lengua de catalogación spa
Centro/agencia modificador DO-SdBNP
Normas de descripción rda
041 ## - CÓDIGO DE LENGUA
Código de lengua del texto/banda sonora o título independiente spa
245 ## - MENCIÓN DE TÍTULO
Título Habla :
Resto del título medio ambiente, ciudad, frontera.
264 ## - PRODUCCIÓN, PUBLICACIÓN, DISTRIBUCIÓN, FABRICACIÓN Y COPYRIGHT
Producción, publicación, distribución, fabricación y copyright Santo Domingo, República Dominicana :
Nombre del de productor, editor, distribuidor, fabricante Red Habla Comunitaria,
Fecha de producción, publicación, distribución, fabricación o copyright 2008.
300 ## - DESCRIPCIÓN FÍSICA
Extensión volumen :
Otras características físicas ilustraciones, fotografías, gráficas, mapas ;
Dimensiones 22 x 28 cm
310 ## - PERIODICIDAD ACTUAL
Periodicidad actual Mensual.
336 ## - TIPO DE CONTENIDO
Término de tipo de contenido texto
Código de tipo de contenido txt
Fuente rdacontent
337 ## - TIPO DE MEDIO
Nombre/término del tipo de medio sin mediación
Código del tipo de medio n
Fuente rdamedia
338 ## - TIPO DE SOPORTE
Nombre/término del tipo de soporte volumen
Código del tipo de soporte nc
Fuente rdacarrier
362 0# - FECHAS DE PUBLICACIÓN Y/O DESIGNACIÓN SECUENCIAL
Fecha de publicación y/o designación secuencial Año 1. No. 1 (Febrero Año 2008).
500 ## - NOTA GENERAL
Nota general Catalogación basada en: Año. 1. No. 1 (Febrero Año 2008).
650 ## - PUNTO DE ACCESO ADICIONAL DE MATERIA--TÉRMINO DE MATERIA
Término de materia o nombre geográfico como elemento de entrada Protección del medio ambiente
9 (RLIN) 58075
Subdivisión de forma Publicaciones periódicas
Subdivisión geográfica República Dominicana
650 ## - PUNTO DE ACCESO ADICIONAL DE MATERIA--TÉRMINO DE MATERIA
Término de materia o nombre geográfico como elemento de entrada Calidad ambiental
9 (RLIN) 34507
Subdivisión de forma Publicaciones periódicas
Subdivisión geográfica República Dominicana
650 ## - PUNTO DE ACCESO ADICIONAL DE MATERIA--TÉRMINO DE MATERIA
Término de materia o nombre geográfico como elemento de entrada Ecología
9 (RLIN) 58076
Subdivisión de forma Publicaciones periódicas
Subdivisión geográfica República Dominicana
650 ## - PUNTO DE ACCESO ADICIONAL DE MATERIA--TÉRMINO DE MATERIA
Término de materia o nombre geográfico como elemento de entrada Política ambiental
9 (RLIN) 58077
Subdivisión de forma Publicaciones periódicas
Subdivisión geográfica República Dominicana
650 ## - PUNTO DE ACCESO ADICIONAL DE MATERIA--TÉRMINO DE MATERIA
Término de materia o nombre geográfico como elemento de entrada Control ambiental
9 (RLIN) 58078
Subdivisión de forma Publicaciones periódicas
Subdivisión geográfica República Dominicana
650 ## - PUNTO DE ACCESO ADICIONAL DE MATERIA--TÉRMINO DE MATERIA
Término de materia o nombre geográfico como elemento de entrada Educación ambiental
9 (RLIN) 58079
Subdivisión de forma Publicaciones periódicas
Subdivisión geográfica República Dominicana
942 ## - ELEMENTOS DE PUNTO DE ACCESO ADICIONAL (KOHA)
Fuente del sistema de clasificación o colocación Dewey Decimal Classification
Tipo de ítem Koha Publicación periódica
Existencias
Estado de retiro Estado de pérdida Fuente del sistema de clasificación o colocación Estado dañado Restricciones de uso No para préstamo Código de colección Localización permanente Ubicación/localización actual Fecha de adquisición Enumeración/cronología de publicación seriada Total de préstamos Código de barras Fecha visto por última vez Número de copia Precio válido a partir de Tipo de ítem Koha Nota pública
    Dewey Decimal Classification   Préstamo en sala   Hemeroteca Biblioteca Nacional Pedro Henríquez Ureña Biblioteca Nacional Pedro Henríquez Ureña 29.04.2026 Año 1. No. 1 (Febrero Año 2008)   2026-3418 29.04.2026 e.1 29.04.2026 Publicación periódica Disponible para consulta en: Hemeroteca.
    Dewey Decimal Classification   Préstamo en sala   Hemeroteca Biblioteca Nacional Pedro Henríquez Ureña Biblioteca Nacional Pedro Henríquez Ureña 29.04.2026 Año 2. No. 2 (Febrero Año 2009)   2026-3419 29.04.2026 e.1 29.04.2026 Publicación periódica Disponible para consulta en: Hemeroteca.
    Dewey Decimal Classification   Préstamo en sala   Hemeroteca Biblioteca Nacional Pedro Henríquez Ureña Biblioteca Nacional Pedro Henríquez Ureña 29.04.2026 Año 2. No. 2 (Febrero Año 2009)   2026-3420 29.04.2026 e.2 29.04.2026 Publicación periódica Disponible para consulta en: Hemeroteca.
    Dewey Decimal Classification   Préstamo en sala   Hemeroteca Biblioteca Nacional Pedro Henríquez Ureña Biblioteca Nacional Pedro Henríquez Ureña 29.04.2026 Año 4. No. 4 (Marzo Año 2011)   2026-3423 29.04.2026 e.1 29.04.2026 Publicación periódica Disponible para consulta en: Hemeroteca.

Con tecnología Koha